| 000 | 01338cam a2200313 a 4500 | ||
|---|---|---|---|
| 001 | 12569620 | ||
| 005 | 20161007185026.0 | ||
| 008 | 011026s2003 maua 001 0 eng | ||
| 010 | _a 2001055752 | ||
| 020 | _a0-07-239329-7 (student ed. : acidfree paper) | ||
| 020 | _a0072522674 (annotated instructor's ed. : acidfree paper) | ||
| 040 |
_aDLC _cDLC _dDLC |
||
| 050 | 0 | 0 |
_aPE1439 _b.B69 2003 |
| 082 | 0 |
_aDC 808.042 _22003 _bB73w |
|
| 100 | 1 | _aBrannan, Bob. | |
| 245 | 1 | 2 |
_aA writer's workshop : _bcrafting paragraphs, building essays / _cBob Brannan. |
| 260 |
_aBoston : _bMcGraw-Hill, _cc2003. |
||
| 300 |
_axxx, 649, [34] pages : _billustrations ; _c28 cm. |
||
| 500 | _aIncludes index. | ||
| 650 | 0 |
_aEnglish language _xParagraphs _vProblems, exercises, etc. |
|
| 650 | 0 |
_aEnglish language _xRhetoric _vProblems, exercises, etc. |
|
| 650 | 0 |
_aEnglish language _xGrammar _vProblems, exercises, etc. |
|
| 650 | 0 |
_aReport writing _vProblems, exercises, etc. |
|
| 856 | 4 | 2 |
_3Publisher description _uhttp://www.loc.gov/catdir/description/mh021/2001055752.html |
| 856 | 4 | 1 |
_3Table of contents _uhttp://www.loc.gov/catdir/toc/mh021/2001055752.html |
| 906 |
_a7 _bcbc _corignew _d1 _eocip _f20 _gy-gencatlg |
||
| 942 |
_2ddc _cDC |
||
| 999 |
_c5065 _d5065 |
||